000 00585nam a2200241Ia 4500
003 OSt
005 20221005115532.0
006 a|||||r|||| 00| 0
007 ta
008 221004b |||||||| |||| 00| 0 tam d
024 _a53917
037 _cTextual
040 _aCRL
_cCRL
_btam
041 _2tam
_atam
082 _aV211,1y7A, 31J7
100 _aNarasimhan
_9627694
245 0 _aChezhiyar chemmal
260 _c1957
300 _a124p.
_ccm.
650 _aHISTORY
942 _hV211,1y7A, 31J7
_cTEXL
_2cc
999 _c1035126
_d1035126